000 00243nam a2200097Ia 4500
001 986410
005 20250826221100.0
008 250824s9999 xx 000 0 und d
245 0 _aÇIRAK DEDEMİN BAKKALI
_cŞERMİN YAŞAR
260 _bTAZE KİTAP
999 _c986410
_d986410